The 2,000 Most Common English Words Quiz Stats

 Plays Quiz Updated Mar 15, 2019

Score 0/200 Timer 20:00
7 Plays Today
Word % Correct
a to account
97.5%
hundred to ideal
90.8%
am to angle
89.8%
ten to theater
89.6%
be to bedroom
87.6%
hard to headquarters
87%
year to youth
83.4%
neither to no
82.6%
distance to does
81.3%
title to tool
81.2%
girl to gone
80.7%
water to weigh
79.4%
camp to carefully
78.5%
matter to meat
77.5%
wheel to whole
76.3%
office to on
76.2%
businessman to came
75.8%
whom to win
75.7%
importance to increasing
75%
invent to items
74.7%
weight to whatever
74.3%
their to thin
74.1%
fond to fork
73.8%
smaller to society
73.8%
Hell to high
73.6%
armed to as
73.5%
apply to arm
71.6%
aside to attack
71.1%
axe to band
69.2%
nobody to noted
68.8%
dog to dozen
68.5%
shave to short
68%
hospital to humble
67.8%
agency to all
67.4%
lord to loyal
67%
ourselves to pain
66.7%
wall to watching
66.5%
lie to liquid
66.4%
once to operation
66.2%
dark to decay
65.6%
threaten to time
65.4%
moral to mouth
65.3%
move to my
64.8%
without to working
64.5%
make to march
64.2%
thing to thousand
64%
search to seed
63%
higher to history
62.9%
advertise to age
62.8%
beyond to black
62.8%
finger to fixed
61.8%
sincere to skill
61.4%
france to from
60.7%
wind to within
60.7%
famous to father
60.6%
been to being
60.1%
just to king
60.1%
trying to two
59.8%
observed to offered
59.6%
sample to scarce
59.5%
earn to editor
59.3%
good to grease
59.3%
military to miss
58.3%
could to cover
58.2%
operator to ordered
58.2%
shot to side
58.2%
worry to wrong
57.6%
Word % Correct
unity to upset
57.5%
add to adventure
57.5%
hit to horse
57.3%
bought to bridge
56.9%
great to group
56.9%
form to frame
56.4%
blade to boat
56.3%
hair to happy
55.9%
educate to election
55.2%
gap to getting
54.7%
league to leg
54.6%
groups to had
53.9%
type to unite
53.8%
belief to between
53.7%
setting to sharp
53.5%
allow to always
53.5%
develop to difficult
53.4%
rope to running
53.1%
lady to late
52.8%
list to loan
52.8%
taken to teach
52.7%
surprised to take
52.3%
angry to anyway
52.2%
painting to particular
52%
come to communication
52%
us to verb
52%
rather to reality
51.3%
bodies to bottom
51.3%
skin to small
51.2%
retire to ring
50.9%
trick to try
50.6%
railroad to rate
50.5%
recognized to regard
49.8%
summer to surprise
49.7%
bank to bay
49.7%
mission to moon
49%
ordinary to our
49%
nothing to objection
48.8%
ideas to immense
48.8%
top to training
48.6%
something to sources
48.4%
pay to permitted
48.4%
evening to evil
48.1%
kiss to lack
47.9%
extensive to faculty
47.7%
lend to library
47.4%
health to held
47.3%
apart to applied
47.3%
fade to family
47.1%
drag to drop
46.9%
soft to someone
46.8%
brief to brought
46.3%
local to loose
45.9%
ripe to room
45.7%
accuse to actually
45.6%
favor to feet
45.5%
plant to plus
45.4%
qualify to radio
45.4%
safe to same
45.1%
mechanic to mention
44.9%
cry to danger
44.7%
seeing to sense
44.5%
volume to walked
44.5%
coffee to combine
44.2%
scatter to sea
44.2%
chance to child
44.1%
teacher to tempt
43.7%
Word % Correct
front to game
43.6%
control to cost
43%
file to fine
42.6%
published to qualification
42.3%
piece to planning
42.2%
later to leaf
42%
person to picture
41.8%
brown to business
41.7%
very to voice
41.7%
myself to nature
41.4%
electric to end
40.7%
dropped to early
40.7%
clear to coast
40.1%
start to steel
39.9%
carried to cautious
39.5%
steep to stopped
39.3%
particularly to pattern
39.3%
sensitive to set
39.1%
post to preach
38.9%
near to neighborhood
38.9%
luck to majority
38.4%
children to cities
38.3%
fell to figure
38.1%
citizen to clean
37.7%
mark to material
37.7%
mere to mile
37.7%
its to jury
37%
difficulty to dirt
36.8%
south to spend
36.7%
cell to chairman
36.5%
intend to introduce
36.3%
ended to entirely
35.7%
entrance to even
33.9%
spent to spring
33.7%
sight to since
32.6%
store to strengthen
31.9%
translate to tribe
31.8%
attempt to away
31.6%
resistance to results
31%
politician to possible
30.9%
square to stared
29.9%
flag to following
29.1%
realize to recognize
25.7%
succeed to suit
24.9%
informed to intellectual
23.8%
prejudice to prevent
23.5%
previously to probably
23.4%
decide to deliver
23.3%
religious to replied
22.3%
poem to political
22%
strict to substantial
21.2%
deserve to determine
21.1%
exactly to existing
21.1%
indeed to information
19.6%
connect to continue
19.4%
covered to crush
18.9%
communism to complete
17.7%
program to proposal
17.4%
regular to religion
17.2%
propose to public
16.2%
problem to professor
15.9%
disagree to dish
15.6%
demand to description
14.7%
report to resign
13.6%
compose to congress
13.4%
expect to expression
11.2%

You're not logged in!

Compare scores with friends on all Sporcle quizzes.
OR
Log In

Show Comments

Extras

Top Quizzes Today


Score Distribution

Your Account Isn't Verified!

In order to create a playlist on Sporcle, you need to verify the email address you used during registration. Go to your Sporcle Settings to finish the process.

Report this User

Report this user for behavior that violates our Community Guidelines.

Details: